书目信息 |
| 题名: |
降低供水漏损
|
|
| 作者: | 吴正易 著 ;张清周 , 黄源 译 | |
| 分册: | ||
| 出版信息: | 北京 中国建筑工业出版社 2017.11 |
|
| 页数: | XXVI, 230页 | |
| 开本: | 26cm | |
| 丛书名: | ||
| 单 册: | ||
| 中图分类: | TU991.61 | |
| 科图分类: | ||
| 主题词: | 给水管道--gei shui guan dao--水管防漏 | |
| 电子资源: | ||
| ISBN: | 978-7-112-21161-6 | |
| 000 | 01018nam0 2200253 450 | |
| 001 | 0100002191 | |
| 005 | 20190305163432.60 | |
| 010 | @a978-7-112-21161-6@dCNY66.00 | |
| 100 | @a20171205d2017 em y0chiy50 ea | |
| 101 | 1 | @achi@ceng@cinc |
| 102 | @aCN@b110000 | |
| 105 | @aak a 000yy | |
| 200 | 1 | @a降低供水漏损@Ajiang di gong shui lou sun@f(美) 吴正易 ... [等] 著@g张清周, 黄源等译 |
| 210 | @a北京@c中国建筑工业出版社@d2017.11 | |
| 215 | @aXXVI, 230页@c图@d26cm | |
| 320 | @a有书目 | |
| 330 | @a本书展现和依次探讨了现有漏损治理技术及原理问题, 主要内容包括降低供水漏损引言、分析水漏损、主动漏损控制、漏损数据管理、漏损水力学、漏损检测与管网模型校正、基于瞬态分析的漏损检测、现场数据、在线监测和检测、压力管理、管道现状评估和更新规划等内容。 | |
| 606 | 0 | @a给水管道@Agei shui guan dao@x水管防漏 |
| 690 | @aTU991.61@v5 | |
| 701 | 0 | @a吴正易@Awu zheng yi@4著 |
| 702 | 0 | @a张清周@Azhang qing zhou@4译 |
| 702 | 0 | @a黄源@Ahuang yuan@4译 |
| 801 | 0 | @aCN@c20180910 |
| 905 | @a河南城建学院图书馆@dTU991.61@eW928 | |
| 降低供水漏损/(美) 吴正易 ... [等] 著/张清周, 黄源等译.-北京:中国建筑工业出版社,2017.11 |
| XXVI, 230页:图;26cm |
| ISBN 978-7-112-21161-6:CNY66.00 |
| 本书展现和依次探讨了现有漏损治理技术及原理问题, 主要内容包括降低供水漏损引言、分析水漏损、主动漏损控制、漏损数据管理、漏损水力学、漏损检测与管网模型校正、基于瞬态分析的漏损检测、现场数据、在线监测和检测、压力管理、管道现状评估和更新规划等内容。 |
| ● |
| 相关链接 |
|
|
|
正题名:降低供水漏损
索取号:TU991.61/W928
 
预约/预借
| 序号 | 登录号 | 条形码 | 馆藏地/架位号 | 状态 | 备注 |
| 1 | 1304425 | 213044258 | 建筑库201/201建筑库 134排2列4层/ [索取号:TU991.61/W928] | 在馆 | |
| 2 | 1386396 | 213863960 | 建筑库201/201建筑库 134排2列4层/ [索取号:TU991.61/W928] | 在馆 | |
| 3 | 1386397 | 213863979 | 建筑库201/201建筑库 134排2列4层/ [索取号:TU991.61/W928] | 在馆 |